000 00722nam a2200241Ia 4500
003 GCL
008 140319s9999 xx 000 0 ara d
040 _aGCL /
_cGCL
082 0 4 _a330
_bح م
100 1 _aحامد عبدالمجيد دراز
245 1 0 _aمبادىء الاقتصاد العام /
_cحامد عبدالمجيد دراز
260 _a[S.N] :
_bمؤسسة شباب الجامعة ،
_c1987
300 _a580 ص
490 _a
650 0 4 _aالاقتصاد
650 0 4 _aالضرائب
650 0 4 _aالاجتماع
650 0 4 _aالقروض
650 0 4 _aالميزانية
650 0 4 _aالمالية العامة
650 0 4 _aالاجتماع الاقتصادى
942 _2ddc
_cBK
999 _c58673
_d58673